Ancient Metals - Statistics

General Stats
  • This quiz has been taken 42 times
  • The average score is 8 of 11
Answer Stats
Answer % Correct
Gold
100%
Iron
100%
Silver
100%
Copper
96%
Tin
93%
Lead
86%
Mercury
82%
Zinc
64%
Platinum
50%
Antimony
36%
Arsenic
29%
No matching quizzes found
Score Distribution
Percent of People with Each Score
Percentile by Number Answered
Your Score History
You have not taken this quiz